|
|
|
|
| LEADER |
01576nam a2200349 a 4500 |
| 001 |
EBC588029 |
| 003 |
MiAaPQ |
| 005 |
20200520144314.0 |
| 006 |
m o d | |
| 007 |
cr cn||||||||| |
| 008 |
100929s2010 ii a sb 000 0 eng d |
| 020 |
|
|
|z 9788184888201
|
| 035 |
|
|
|a (MiAaPQ)EBC588029
|
| 035 |
|
|
|a (Au-PeEL)EBL588029
|
| 035 |
|
|
|a (CaPaEBR)ebr10415918
|
| 035 |
|
|
|a (OCoLC)700691210
|
| 040 |
|
|
|a MiAaPQ
|c MiAaPQ
|d MiAaPQ
|
| 050 |
|
4 |
|a GV436
|b .N36 2010
|
| 100 |
1 |
|
|a Nande, Prajakta J.
|
| 245 |
1 |
0 |
|a Fitness evaluation tests for competitive sports
|h [electronic resource] /
|c Prajakta J. Nande, Sabiha A. Vali.
|
| 250 |
|
|
|a 1st ed.
|
| 260 |
|
|
|a Mumbai :
|b Himalaya Pub. House,
|c 2010.
|
| 300 |
|
|
|a iv, 257 p. :
|b ill. (some col.)
|
| 504 |
|
|
|a Includes bibliographical references.
|
| 505 |
0 |
|
|a pt. 1. Introduction to physical fitness -- pt. 2. Performance evaluation -- pt. 3. Performance evaluation tests -- pt. 4. Body composition assessment -- pt. 5. Prediction of body density, body fat and lean body mass based on skinfolds, body mass and circumferences -- pt. 6. Other methods for estimation of body fat content.
|
| 533 |
|
|
|a Electronic reproduction. Ann Arbor, MI : ProQuest, 2015. Available via World Wide Web. Access may be limited to ProQuest affiliated libraries.
|
| 650 |
|
0 |
|a Physical fitness
|x Testing.
|
| 650 |
|
0 |
|a Athletic ability
|x Testing.
|
| 655 |
|
4 |
|a Electronic books.
|
| 700 |
1 |
|
|a Vali, Sabiha A.
|
| 710 |
2 |
|
|a ProQuest (Firm)
|
| 856 |
4 |
0 |
|u https://ebookcentral.proquest.com/lib/matrademy/detail.action?docID=588029
|z Click to View
|